000 00812nam a2200241Ia 4500
003 GCL
008 140319s9999 xx 000 0 ara d
040 _aGCL /
_cGCL
082 0 4 _a810.9
_bم م
100 1 _aمدحت الجيار
245 1 0 _aمكونات الظاهرة الادبية عند ابراهيم عبد القادر المازنى /
_cمدحت الجيار
260 _a[S.N] :
_bالهيئة المصرية العامة للكتاب ،
_c1994
300 _a190 ص
490 _aدراسات ادبية
_v0
650 0 4 _aالشعر العربى
650 0 4 _aالادب العربى
650 0 4 _aالعصر الحديث
650 0 4 _aالشعر الغزلى
650 0 4 _aمصر
650 0 4 _aالرومانتيكية فى الادب
650 0 4 _aالمازنى
942 _2ddc
_cBK
999 _c28875
_d28875